[Event "WchT Seniors 65"]
[Site "Prague"]
[Date "2020.03.10"]
[Round "5.17"]
[White "Carlsson, Ingvar"]
[Black "Ranki, Martti"]
[Result "1-0"]
[WhiteElo "2038"]
[BlackElo "1914"]
[PlyCount "73"]
[EventDate "2020.03.06"]
[EventType "team-swiss"]
[EventRounds "7"]
[EventCountry "CZE"]
[SourceTitle "CBM 195 Extra"]
[Source "ChessBase"]
[SourceDate "2020.05.31"]
[SourceVersion "1"]
[SourceVersionDate "2020.05.31"]
[SourceQuality "1"]
[WhiteTeam "Sweden 65 II"]
[BlackTeam "Finland 65 II"]
[WhiteTeamCountry "SWE"]
[BlackTeamCountry "FIN"]

1. e4 e5 2. Nf3 Nc6 3. Bc4 Be7 4. d4 exd4 5. Nxd4 Nf6 6. Nc3 0-0 7. 0-0 Ne5 8. Be2 Bc5 9. Bg5 h6 10. Bh4 Ng6 11. Bg3 Re8 12. Nb3 Bb6 13. a4 c6 14. a5 Bc7 15. Qd4 Bxg3 16. hxg3 Qe7 17. Ra4 d6 18. Rd1 Rd8 19. f4 c5 20. Nxc5 Bg4 21. Nd3 Bd7 22. Raa1 Bc6 23. Bf3 Nf8 24. Nb4 Ne6 25. Qe3 Qc7 26. Nbd5 Bxd5 27. exd5 Nc5 28. Qd4 Re8 29. Re1 Rxe1+ 30. Rxe1 Qxa5 31. b4 Qb6 32. bxc5 dxc5 33. Qc4 a6 34. Rb1 Qa5 35. Rxb7 Re8 36. d6 Re3 37. Qxf7+ 1-0

[Event "WchT Seniors 65"]
[Site "Prague"]
[Date "2020.03.06"]
[Round "1.7"]
[White "Jurek, Josef"]
[Black "Carlsson, Ingvar"]
[Result "1/2-1/2"]
[WhiteElo "2254"]
[BlackElo "2038"]
[PlyCount "92"]
[EventDate "2020.03.06"]
[EventType "team-swiss"]
[EventRounds "7"]
[EventCountry "CZE"]
[SourceTitle "CBM 195 Extra"]
[Source "ChessBase"]
[SourceDate "2020.05.31"]
[SourceVersion "1"]
[SourceVersionDate "2020.05.31"]
[SourceQuality "1"]
[WhiteTeam "Czech Republic 65 II"]
[BlackTeam "Sweden 65 II"]
[WhiteTeamCountry "CZE"]
[BlackTeamCountry "SWE"]

1. Nf3 Nf6 2. c4 g6 3. d4 d5 4. cxd5 Bg7 5. g3 Nxd5 6. Bg2 Nb6 7. Nc3 Nc6 8. e3 0-0 9. 0-0 Re8 10. Re1 e5 11. d5 Ne7 12. e4 Nc4 13. b3 Nd6 14. Ba3 Bd7 15. Rc1 Nec8 16. Nd2 Bh6 17. Rc2 a5 18. Bc1 b5 19. f4 f6 20. fxe5 fxe5 21. Nf3 Bxc1 22. Qxc1 a4 23. Nd1 axb3 24. axb3 Ra7 25. Nf2 Nf7 26. Nd3 Ncd6 27. Nb4 Qb8 28. Nc6 Bxc6 29. Rxc6 b4 30. Bh3 Kg7 31. Be6 Nd8 32. Nxe5 Nxc6 33. Nxc6 Qb6+ 34. Kh1 Ra2 35. Qf4 Rf8 36. Qe5+ Kh6 37. Nd4 Rff2 38. h4 Rh2+ 39. Kg1 Rhg2+ 40. Kh1 Rh2+ 41. Kg1 Rag2+ 42. Kf1 Rf2+ 43. Kg1 Rfg2+ 44. Kf1 Qa6+ 45. Ne2 Rf2+ 46. Kg1 Rfg2+ 1/2-1/2

[Event "SWE Cup"]
[Site "Linkoping"]
[Date "2017.09.08"]
[Round "1.1"]
[White "Goransson, Rolf"]
[Black "Carlsson, Ingvar"]
[Result "0-1"]
[WhiteElo "1899"]
[BlackElo "2135"]
[PlyCount "106"]
[EventDate "2017.09.08"]
[EventType "team-swiss"]
[EventRounds "7"]
[EventCountry "SWE"]
[SourceTitle "CBM 180 Extra"]
[Source "ChessBase"]
[SourceDate "2017.10.06"]
[SourceVersion "1"]
[SourceVersionDate "2017.10.06"]
[SourceQuality "1"]
[WhiteTeam "Ervalla"]
[BlackTeam "Linkoping"]
[WhiteTeamCountry "SWE"]
[BlackTeamCountry "SWE"]

1. d3 d5 2. Nf3 g6 3. Nbd2 Bg7 4. e4 Nc6 5. g3 e5 6. Bg2 Nf6 7. 0-0 0-0 8. Re1 Re8 9. h3 h6 10. c3 Be6 11. Qe2 Qd7 12. Kh2 Rad8 13. Bf1 Nh5 14. a3 f5 15. exf5 Bxf5 16. Nh4 Qf7 17. Nxf5 gxf5 18. Bg2 e4 19. dxe4 dxe4 20. Nf1 Ne5 21. Be3 f4 22. gxf4 Nxf4 23. Bxf4 Qxf4+ 24. Ng3 Rd2 25. Qe3 Qxf2 26. Qxf2 Rxf2 27. Rxe4 Rd8 28. Kh1 Rdd2 29. Rg1 Nf3 30. Rg4 Nxg1 31. Nh5 Rxg2 32. Rxg2 Rxg2 33. Kxg2 Ne2 34. Kf3 Nc1 35. Ke3 Nb3 36. Ke4 Kf7 37. Kd5 Na5 38. b4 Nc6 39. Nxg7 Kxg7 40. Ke6 Nb8 41. Ke7 a5 42. Kd8 axb4 43. cxb4 c5 44. bxc5 Na6 45. Kc8 Nxc5 46. Kc7 Kf6 47. Kb6 Nb3 48. Kxb7 Kg5 49. Kb6 Kh4 50. a4 Kxh3 51. Kb5 Kg3 52. Kb4 h5 53. Kxb3 h4 0-1

[Event "WchT Seniors 65"]
[Site "Hersonissos"]
[Date "2017.04.25"]
[Round "2.2"]
[White "Carlsson, Ingvar"]
[Black "Salov, Sergej"]
[Result "1/2-1/2"]
[WhiteElo "2130"]
[BlackElo "2190"]
[PlyCount "54"]
[EventDate "2017.04.24"]
[EventType "team-swiss"]
[EventRounds "9"]
[EventCountry "GRE"]
[SourceTitle "CBM 178 Extra"]
[Source "ChessBase"]
[SourceDate "2017.06.22"]
[SourceVersion "1"]
[SourceVersionDate "2017.06.22"]
[SourceQuality "1"]
[WhiteTeam "Sweden II"]
[BlackTeam "Germany"]
[WhiteTeamCountry "SWE"]
[BlackTeamCountry "GER"]

1. e4 c5 2. Nc3 e6 3. g3 d5 4. Bg2 d4 5. Nce2 Nc6 6. d3 e5 7. f4 exf4 8. Bxf4 Nge7 9. Nf3 Ng6 10. 0-0 Be7 11. Qd2 Bg4 12. h3 Bxf3 13. Bxf3 0-0 14. Bh5 b5 15. Bxg6 hxg6 16. g4 c4 17. Bh2 Bc5 18. Kh1 Qd7 19. Qg5 Qe7 20. Qxe7 Nxe7 21. Bg1 Nc6 22. a3 Rad8 23. Rad1 Bb6 24. Nf4 Ne7 25. Ne2 Nc6 26. Nf4 Ne7 27. Ne2 Nc6 1/2-1/2

[Event "EU-chT Seniors"]
[Site "Sibenik"]
[Date "2014.04.08"]
[Round "8.13"]
[White "Dahl, Ivar M"]
[Black "Carlsson, Ingvar"]
[Result "1/2-1/2"]
[WhiteElo "2170"]
[BlackElo "2064"]
[PlyCount "61"]
[EventDate "2014.04.01"]
[EventType "team-swiss"]
[EventRounds "9"]
[EventCountry "CRO"]
[SourceTitle "CBM 159 Extra"]
[Source "ChessBase"]
[SourceDate "2014.04.24"]
[SourceVersion "1"]
[SourceVersionDate "2014.04.24"]
[SourceQuality "1"]
[WhiteTeam "Norway Seniors"]
[BlackTeam "Sweden Seniors III"]
[WhiteTeamCountry "NOR"]
[BlackTeamCountry "SWE"]

1. Nf3 f5 2. b3 d6 3. Bb2 e5 4. d4 e4 5. Nfd2 Nf6 6. e3 g6 7. c4 Bg7 8. Nc3 0-0 9. Be2 c5 10. d5 Qe7 11. Qc2 a6 12. 0-0-0 b5 13. cxb5 axb5 14. Bxb5 Ba6 15. a4 Bxb5 16. axb5 Nbd7 17. Nc4 Ng4 18. f4 exf3 19. gxf3 Nxe3 20. Rde1 f4 21. Qe4 Ne5 22. Nxe3 fxe3 23. Qxe3 Qh4 24. Kb1 Rxf3 25. Qe4 Qxe4+ 26. Nxe4 Nd3 27. Bxg7 Nxe1 28. Bc3 Nd3 29. Nxd6 Rd8 30. Ne4 Rxd5 31. Nf6+ 1/2-1/2

[Event "EU-chT Seniors"]
[Site "Sibenik"]
[Date "2014.04.01"]
[Round "1.4"]
[White "Vukic, Milan"]
[Black "Carlsson, Ingvar"]
[Result "1-0"]
[WhiteElo "2386"]
[BlackElo "2064"]
[PlyCount "113"]
[EventDate "2014.04.01"]
[EventType "team-swiss"]
[EventRounds "9"]
[EventCountry "CRO"]
[SourceTitle "CBM 159 Extra"]
[Source "ChessBase"]
[SourceDate "2014.04.24"]
[SourceVersion "1"]
[SourceVersionDate "2014.04.24"]
[SourceQuality "1"]
[WhiteTeam "Bosnia CC Seniors"]
[BlackTeam "Sweden Seniors III"]
[WhiteTeamCountry "BIH"]
[BlackTeamCountry "SWE"]

1. Nf3 f5 2. g3 Nf6 3. Bg2 g6 4. 0-0 Bg7 5. c4 0-0 6. d4 d6 7. Nc3 c6 8. d5 cxd5 9. cxd5 Bd7 10. Be3 Na6 11. Bd4 Ng4 12. Bxg7 Kxg7 13. Qd4+ Kg8 14. Rac1 Qb6 15. Qxb6 axb6 16. Nd4 Rfc8 17. Rfd1 Nf6 18. e3 Kf7 19. a3 Nc5 20. Rd2 Na4 21. Rdc2 Rc5 22. b4 Rxc3 23. Rxc3 Nxc3 24. Rxc3 Rc8 25. Rxc8 Bxc8 26. h3 Bd7 27. f4 Ne8 28. Kf2 Nc7 29. Ke2 Ba4 30. g4 Kf6 31. g5+ Kf7 32. Kd3 Nb5 33. Nxb5 Bxb5+ 34. Kd4 Kg7 35. e4 fxe4 36. Bxe4 h6 37. h4 hxg5 38. hxg5 Bd7 39. Bd3 b5 40. Ke3 Kf7 41. Kf3 Kg7 42. Kg3 Kf7 43. Be2 Kg7 44. Bg4 Bf5 45. Be2 Bd7 46. Kh4 Kh7 47. Bg4 Be8 48. Be6 Kg7 49. Kg4 Kh7 50. Bc8 b6 51. Kf3 Kg7 52. Ke4 Kf8 53. Bb7 Bd7 54. Bc6 Bh3 55. Bxb5 e6 56. dxe6 Bxe6 57. a4 1-0

[Event "SWE-chT 0506"]
[Site "Sweden"]
[Date "2006.??.??"]
[Round "6"]
[White "Madebrink, Lars"]
[Black "Carlsson, Ingvar"]
[Result "1-0"]
[WhiteElo "2220"]
[BlackElo "2045"]
[PlyCount "71"]
[EventDate "2005.10.??"]
[EventType "team"]
[EventRounds "11"]
[EventCountry "SWE"]
[SourceTitle "EXT 2008"]
[Source "ChessBase"]
[SourceDate "2007.11.25"]
[SourceVersion "1"]
[SourceVersionDate "2007.11.25"]
[SourceQuality "1"]
[WhiteTeam "Kamraterna"]
[BlackTeam "Linkoping"]
[WhiteTeamCountry "SWE"]
[BlackTeamCountry "SWE"]

1. d4 f5 2. c4 Nf6 3. Nc3 e6 4. Nf3 Bb4 5. Qb3 Qe7 6. a3 Bxc3+ 7. Qxc3 b6 8. g3 Bb7 9. Bg2 d6 10. 0-0 Nbd7 11. b3 0-0 12. Bb2 Ne4 13. Qc2 e5 14. dxe5 dxe5 15. Rad1 Rad8 16. b4 c5 17. Qa4 Nd6 18. Nd2 Bxg2 19. Kxg2 e4 20. e3 Nf6 21. bxc5 bxc5 22. Nb3 Nd7 23. Qa6 Nb6 24. Nxc5 Nbxc4 25. Bc3 Rc8 26. Bb4 Rf6 27. Rd4 f4 28. exf4 e3 29. Rxc4 Nxc4 30. Qxc8+ Rf8 31. Qe6+ Qxe6 32. Nxe6 Re8 33. Nc7 Rc8 34. Nd5 e2 35. Re1 Rd8 36. Ne3 1-0

[Event "Norrkoeping Easter op"]
[Site "Norrkoeping"]
[Date "2002.??.??"]
[Round "7"]
[White "Carlsson, Ingvar"]
[Black "Engqvist, Thomas"]
[Result "0-1"]
[WhiteElo "2136"]
[BlackElo "2354"]
[PlyCount "66"]
[EventDate "2002.??.??"]
[EventType "swiss"]
[EventRounds "7"]
[EventCountry "SWE"]
[SourceTitle "EXT 2008"]
[Source "ChessBase"]
[SourceDate "2007.11.25"]
[SourceVersion "1"]
[SourceVersionDate "2007.11.25"]
[SourceQuality "1"]

1. e4 c6 2. d4 d5 3. Nc3 dxe4 4. Nxe4 Bf5 5. Ng3 Bg6 6. h4 h6 7. f4 e6 8. Nf3 Nf6 9. Ne5 Bh7 10. Bd3 Bxd3 11. Qxd3 Nbd7 12. Bd2 Bd6 13. 0-0-0 Qc7 14. Rhf1 Rd8 15. Ne4 Nxe4 16. Qxe4 0-0 17. g4 f5 18. Qe2 Nf6 19. g5 Bxe5 20. fxe5 Ng4 21. gxh6 gxh6 22. Bb4 Rfe8 23. h5 Kh7 24. Bd6 Qg7 25. Kb1 Qg5 26. Rh1 Rd7 27. Rd3 Rg8 28. b3 Qf4 29. Rf1 Qh2 30. Qf3 Qxh5 31. c4 Qg6 32. Kb2 Nh2 33. Qh3 Qg2+ 0-1

[Event "SWE-chT 9899"]
[Site "Sweden"]
[Date "1999.??.??"]
[Round "10"]
[White "Carlsson, Ingvar"]
[Black "Engstrom, Kaj"]
[Result "0-1"]
[WhiteElo "2036"]
[BlackElo "2299"]
[PlyCount "77"]
[EventDate "1998.??.??"]
[EventType "team"]
[EventRounds "11"]
[EventCountry "SWE"]
[SourceTitle "EXT 2000"]
[Source "ChessBase"]
[SourceDate "1999.11.16"]
[SourceVersion "1"]
[SourceVersionDate "1999.11.16"]
[SourceQuality "1"]

1. e4 c5 2. Nf3 e6 3. d3 b5 4. g3 Bb7 5. Bg2 Nc6 6. 0-0 d6 7. Re1 Qc7 8. a4 b4 9. Nbd2 Nf6 10. Nc4 Nd7 11. c3 Ba6 12. Ne3 Nde5 13. c4 Be7 14. b3 Bf6 15. Rb1 0-0-0 16. Nc2 Bb7 17. Bb2 Nxf3+ 18. Bxf3 Bxb2 19. Rxb2 e5 20. Rf1 g6 21. Bg2 h5 22. f4 h4 23. Bh3+ f5 24. g4 exf4 25. gxf5 gxf5 26. Bxf5+ Kb8 27. Ne1 h3 28. Rbf2 Nd4 29. Rxf4 Rdg8+ 30. Kh1 Rg5 31. Nf3 Rxf5 32. exf5 Nxf3 33. R4xf3 Qg7 34. Qe2 Rg8 35. Qf2 Bxf3+ 36. Qxf3 Qg2+ 37. Qxg2 hxg2+ 38. Kg1 gxf1Q+ 39. Kxf1 0-1